000
00309nam a22001337a 4500
008
181001b xxu||||| |||| 00| 0 eng d
020
_a
0395608031
041
_a
eng
080
_2
4 ED
_a
321
100
_a
20
101
_a
POL
245
_a
Westerb Civilaziton Ideas Society
_c
Pery.ch
942
_2
udc
_c
BK
999
_c
48718
_d
48718